[Event "Berlin Lichtenberger op 14th"]
[Site "Berlin"]
[Date "2015.08.23"]
[Round "9"]
[White "Bullig, Reinhard"]
[Black "Lischeid, Kilian"]
[Result "1/2-1/2"]
[WhiteElo "1772"]
[BlackElo "1652"]
[PlyCount "66"]
[EventDate "2015.08.15"]
[EventType "swiss"]
[EventRounds "9"]
[EventCountry "GER"]
[SourceTitle "EXT 2016"]
[Source "ChessBase"]
[SourceDate "2015.10.08"]
[SourceVersion "1"]
[SourceVersionDate "2015.10.08"]
[SourceQuality "1"]

1. c4 Nf6 2. Nc3 e5 3. e4 Nc6 4. g3 Bc5 5. Bg2 d6 6. Nge2 Be6 7. d3 Ng4 8. 0-0 Qd7 9. h3 Nf6 10. Kh2 h6 11. Be3 0-0 12. Bxc5 dxc5 13. Nd5 Nh7 14. f4 f6 15. f5 Bf7 16. g4 Ne7 17. h4 c6 18. Nxe7+ Qxe7 19. Ng3 Rfd8 20. Qc2 Rd4 21. Ne2 Rd6 22. Rf3 Rad8 23. Ng3 Qc7 24. Bf1 b5 25. b3 bxc4 26. bxc4 Rb8 27. Be2 Rb4 28. Rff1 Rd8 29. Rfb1 Rdb8 30. Rb3 R8b7 31. Bd1 Qd7 32. Qe2 Qd4 33. Rab1 a5 1/2-1/2

[Event "Berlin Lichtenberger op 10th"]
[Site "Berlin"]
[Date "2011.08.14"]
[Round "2"]
[White "Hoppensack, Manfred"]
[Black "Bullig, Reinhard"]
[Result "1-0"]
[WhiteElo "2058"]
[BlackElo "1730"]
[PlyCount "57"]
[EventDate "2011.08.13"]
[EventType "swiss"]
[EventRounds "9"]
[EventCountry "GER"]
[SourceTitle "CBM 143 Extra"]
[Source "ChessBase"]
[SourceDate "2011.08.29"]
[SourceVersion "1"]
[SourceVersionDate "2011.08.29"]
[SourceQuality "1"]

1. e4 c5 2. Nf3 d6 3. d4 cxd4 4. Nxd4 Nf6 5. Nc3 a6 6. Bg5 e6 7. Qd2 Be7 8. f4 0-0 9. 0-0-0 Ne8 10. Nf3 b5 11. e5 d5 12. Bd3 Nc6 13. g4 Bb7 14. Bxe7 Nxe7 15. h4 b4 16. Ne2 Qa5 17. Kb1 d4 18. Nexd4 Bxf3 19. Nxf3 Nd5 20. Nd4 Qb6 21. Ka1 g6 22. Be4 Nec7 23. h5 Ra7 24. hxg6 fxg6 25. f5 Ne7 26. f6 Ned5 27. Qh6 Ne8 28. Nxe6 Ne3 29. Qxf8# 1-0

[Event "Berlin Lichtenberger op 9th"]
[Site "Berlin"]
[Date "2010.08.15"]
[Round "9"]
[White "Keusch, Horst"]
[Black "Bullig, Reinhard"]
[Result "1-0"]
[WhiteElo "1953"]
[BlackElo "1717"]
[PlyCount "59"]
[EventDate "2010.08.07"]
[EventType "swiss"]
[EventRounds "9"]
[EventCountry "GER"]
[SourceTitle "CBM 137 Extra"]
[Source "ChessBase"]
[SourceDate "2010.09.01"]
[SourceVersion "1"]
[SourceVersionDate "2010.09.01"]
[SourceQuality "1"]

1. c4 c6 2. Nc3 e6 3. d4 d5 4. c5 b6 5. b4 bxc5 6. bxc5 Ba6 7. a4 g6 8. Nf3 Bh6 9. Bxh6 Nxh6 10. Ne5 Qc7 11. h3 f6 12. Ng4 Nxg4 13. hxg4 0-0 14. Rb1 Bc8 15. e3 e5 16. Be2 f5 17. Qb3 Kh8 18. gxf5 Bxf5 19. Rb2 exd4 20. Nd1 Nd7 21. exd4 Qa5+ 22. Kf1 Rab8 23. Qe3 Rxb2 24. Qe7 g5 25. Nxb2 Qd2 26. g4 Be4 27. f3 Qc1+ 28. Nd1 Bd3 29. Ke1 Qf4 30. Bxd3 1-0

[Event "Berlin qualification op"]
[Site "Berlin"]
[Date "2010.04.03"]
[Round "1"]
[White "Bullig, Reinhard"]
[Black "Hohn, August"]
[Result "0-1"]
[WhiteElo "1719"]
[BlackElo "2044"]
[PlyCount "54"]
[EventDate "2010.04.03"]
[EventType "swiss"]
[EventRounds "9"]
[EventCountry "GER"]
[SourceTitle "EXT 2012"]
[Source "ChessBase"]
[SourceDate "2011.11.24"]
[SourceVersion "1"]
[SourceVersionDate "2011.11.24"]
[SourceQuality "1"]

1. d4 Nf6 2. c4 e6 3. g3 c5 4. Nf3 b6 5. Bg2 Bb7 6. 0-0 cxd4 7. Nxd4 Bxg2 8. Kxg2 Qc7 9. Qd3 a6 10. Nc3 Qb7+ 11. f3 Nc6 12. a3 Ne5 13. Qd1 Nxc4 14. b3 Ne5 15. Bf4 Ng6 16. Bg5 Be7 17. e4 Rc8 18. Qd2 0-0 19. Rfe1 h6 20. Be3 d5 21. e5 Nxe5 22. Bxh6 Nxf3 23. Nxf3 gxh6 24. h3 Ne4 25. Qxh6 Rxc3 26. Rac1 Qc7 27. Rxc3 Qxg3+ 0-1